Etnicidad vs. aculturación : las necrṕolis castellanas de los siglos V-VI d.C. y el asentamiento visigodo en la Península Ibérica : una mirada desde la meseta sur /

A study of the political and archaeological controversies surrounding the Castilian Necropoleis of the V-VI Centuries AD and the Visigoth Settlement in the Iberian Peninsula. The author attempts to deconstruct the various controversies and presents fresh analysis based on the archaeological data and...

وصف كامل

محفوظ في:

المؤلف الرئيسي: Barroso Cabrera, Rafael (مؤلف)

التنسيق: كتاب الكتروني

اللغة: English
Spanish

منشور في: Summertown, Oxford : Archaeopress Publishing Ltd, 2018.

سلاسل: Access archaeology.

الموضوعات:

الوصول للمادة أونلاين: Login to view Source

الوسوم: إضافة وسم

لا توجد وسوم, كن أول من يضع وسما على هذه التسجيلة!

رقم الطلب: DP44

LEADER 02046nam a2200433 i 4500
001 EDZ0002020241
003 StDuBDS
005 20230412182414.0
006 m|||||o||d||||||||
007 cr |||||||||||
008 181130s2018 enka fob 001|0|eng|d
020 |a 9781789690804 (ebook) :  |c No price 
040 |a StDuBDS  |b eng  |c StDuBDS  |e rda  |e pn 
041 0 |a eng  |a spa 
050 4 |a DP44 
082 0 4 |a 936.6  |2 23 
100 1 |a Barroso Cabrera, Rafael,  |e author. 
245 1 0 |a Etnicidad vs. aculturación :  |b las necrṕolis castellanas de los siglos V-VI d.C. y el asentamiento visigodo en la Península Ibérica : una mirada desde la meseta sur /  |c Rafael Barroso Cabrera. 
264 1 |a Summertown, Oxford :  |b Archaeopress Publishing Ltd,  |c 2018. 
300 |a 1 online resource (238 pages) :  |b illustrations (black and white). 
336 |a text  |2 rdacontent 
336 |a still image  |2 rdacontent 
337 |a computer  |2 rdamedia 
338 |a online resource  |2 rdacarrier 
490 1 |a Access archaeology 
500 |a Previously issued in print: 2018. 
504 |a Includes bibliographical references and index. 
520 8 |a A study of the political and archaeological controversies surrounding the Castilian Necropoleis of the V-VI Centuries AD and the Visigoth Settlement in the Iberian Peninsula. The author attempts to deconstruct the various controversies and presents fresh analysis based on the archaeological data and literary evidence. 
521 |a Specialized. 
546 |a Text in English and Spanish. 
588 |a Description based on online resource; title from home page (viewed on February 28, 2019). 
651 0 |a Iberian Peninsula  |x Antiquities. 
650 0 |a Visigoths  |z Spain. 
776 0 8 |i Print version :  |z 9781789690798 
830 0 |a Access archaeology. 
856 4 0 |3 Archaeopress  |u http://library.arce.org:8087/Archaeopress/Products/9781789690798 
942 |2 lcc  |c EBOOK 
952 |0 0  |1 0  |4 0  |6 DP0044  |7 1  |9 46490  |a ARCH  |b ARCH  |d 2023-04-12  |l 0  |o DP44  |r 2023-04-12 00:00:00  |w 2023-04-12  |y EBOOK 
999 |c 52148  |d 52148